00908nai a2200205Ia 4500003000900000008004100009022002200050022002300072040001600095245007600111260008600187310001200273362002700285521006900312650004600381856009000427942000700517999001700524952016100541IN-BaIIA211028c9999 xx s 000 0 eng d a1549-8328 (Print) a1558-0806 (Online) cIIA Library 0aIEEE Transactions on Circuits and Systems I: Regular Papersh[eJournal] aNew York, USAbThe Institute of Electrical and Electronics Engineers, Inc. (IEEE) aMonthly a51(1); 2004 - Present  bSubscribed through National Knowledge Resource Consortium (NKRC) aComponents, Circuits, Devices and Systems uhttps://ieeexplore.ieee.org/servlet/opac?punumber=8919yClick Here to Access eJournal cEJ c34631d34631 00104070aBANbBANd2009-01-01eNKRCh51(1); 2004 - Present l0pEJ715r2021-11-05uhttps://ieeexplore.ieee.org/servlet/opac?punumber=8919w2021-11-05yEJ